AK’s General Knowledge A-Z #94 - Statistics

General Stats
  • This quiz has been taken 207 times
    104 since last reset
  • The average score is 15 of 26
Answer Stats
Hint Answer % Correct
L – not right, but already gone Left
86%
W – Björn Borg had 141 of these, or what slow and steady does to the race Win
85%
G – Who you gonna call? Ghostbusters
84%
P – is “ceramista” in Spanish, or Harry in Hogwarts Potter
83%
E – a famous school about half a mile from Windsor Castle Eton
78%
K – a large amount of money, or “_______ Me Softly with His Song” Killing
77%
F – a fee levied as punishment, or Harry Styles album ____ Line Fine
74%
H – precedes bag, follows short Hand
72%
J – acclaimed Filipino writer Nick, or first name of Joker actor Phoenix Joaquin
72%
Q – al-_____, extremist network founded in 1988 Qaeda
71%
C – king who went to Rome in year 800 and got a mighty promotion Charlemagne
61%
N – the state between Queensland and Victoria New South Wales
59%
M – the best-selling video game of all time Minecraft
58%
V – the eastern terminus of the Trans-Siberian Railway Vladivostok
58%
T – what you can do to your clothes, or what a plane does Take off
57%
S – the ________ to this clue is the process whereby dissolved minerals are removed Solution
56%
Z – room in German, or a walking aid rolling frame in the U.K. Zimmer
53%
U – English reggae and pop band (“Red Red Wine”), named after an unemployment benefit form UB40
52%
I – language spoken by about 30% of Albanians Italian
51%
X – a desktop environment for Unix-like operating systems, or Bo_ Of_ice Su_c_ss Xfce
44%
Y – Belgian city near five WWI battles Ypres
41%
O – river in Venezuela and Colombia; the 4th largest river in the world by discharge volume of water Orinoco
38%
D – disagreeing from something given, differing, or series of YA sci-fi novels by Veronica Roth Divergent
37%
R – Cardinal who died in 1642 and is portrayed in about 100 films and TV programmes (usually as a sinister character) Richelieu
37%
B – The No. 1 Ladies Detective Agency is set in this country Botswana
31%
A – first name of the lead character of The Good Wife or tennis player Molik Alicia
17%
No matching quizzes found
Score Distribution
Percent of People with Each Score
Percentile by Number Answered
Your Score History
You have not taken this quiz since the last reset